000 00537nam a22001817a 4500
005 20170628120227.0
010 _aENG-118973
020 _a9788178331522
_c1275.00
035 _aEN-102505
037 _bDBAD/PUB
082 _a631.584
100 _aPanda,Himadri
245 _aIntegrated organic farming handbook /
_cby Himadri Panda
260 _aDelhi
_bAsia Pacific Business Press Inc.
_c2013
270 _a106-E, Kamla Nagar
_bDelhi
_e110007
300 _axix,460p.
_c21cm(Pbk)
942 _2ddc
_cEN
_h631.584
_mPAN
999 _c142079
_d142079